Từ điển học sinh Việt – Khmer (Trần Thanh Pôn – Sôrya)

Đã lưu trong:
書目詳細資料
格式: 圖書
語言:Undetermined
出版: H.
標簽: 添加標簽
沒有標簽, 成為第一個標記此記錄!
Thư viện lưu trữ: Trung tâm Học liệu Trường Đại học Cần Thơ
LEADER 00370nam a2200121Ia 4500
001 CTU_151696
008 210402s9999 xx 000 0 und d
020 |c 40000 
082 |a 495.9223 
082 |b T550 
245 0 |a Từ điển học sinh Việt – Khmer (Trần Thanh Pôn – Sôrya) 
260 |a H. 
980 |a Trung tâm Học liệu Trường Đại học Cần Thơ